History Quiz

Random History or War Quiz

Deadliest 20th Century Wars Quiz Stats

 Plays Quiz not verified by Sporcle

Score 0/14 Timer 04:00
0 Plays Today
Years War % Correct
1937-1945World War II
99.7%
1914-1918World War I
99.6%
1960-1975Vietnam War
93.3%
1950-1953Korean War
89.4%
1917-1922Russian Civil War
49%
1928-1937Chinese Civil War
40.2%
1945-1949Chinese Civil War
40.2%
Years War % Correct
1979-1989Soviet war in Afghanistan
35.9%
1998-2003Second Congo War
25.4%
1983-2005Second Sudanese Civil War
16.7%
1966-1970Nigerian Civil (Biafran) War
8.3%
1962-1992Ethiopian Civil War
7.7%
1910-1920Mexican Revolution
7.5%
1971Indo-Pakistani War of 1971
4.5%

You're not logged in!

Compare scores with friends on all Sporcle quizzes.
OR
Log In

Show Comments

Extras

Top Quizzes Today


Score Distribution

Your Account Isn't Verified!

In order to create a playlist on Sporcle, you need to verify the email address you used during registration. Go to your Sporcle Settings to finish the process.

Report this User

Report this user for behavior that violates our Community Guidelines.

Details: